LEADER 04592nam 22007695 450 001 9910337886903321 005 20251202165631.0 010 $a3-030-10856-2 024 7 $a10.1007/978-3-030-10856-4 035 $a(CKB)4100000008280426 035 $a(MiAaPQ)EBC5780069 035 $a(DE-He213)978-3-030-10856-4 035 $a(PPN)236524461 035 $a(EXLCZ)994100000008280426 100 $a20190521d2019 u| 0 101 0 $aeng 135 $aurcnu|||||||| 181 $ctxt$2rdacontent 182 $cc$2rdamedia 183 $acr$2rdacarrier 200 10$aAdvanced Studies in Energy Efficiency and Built Environment for Developing Countries $eProceedings of IEREK Conferences: Improving Sustainability Concept in Developing Countries (ISCDC-2), Egypt 2017 and Alternative and Renewable Energy Quest in Architecture and Urbanism (AREQ-2), Spain 2017 /$fedited by Chaham Alalouch, Hassan Abdalla, Emmanuel Bozonnet, George Elvin, Oscar Carracedo 205 $a1st ed. 2019. 210 1$aCham :$cSpringer International Publishing :$cImprint: Springer,$d2019. 215 $a1 online resource (190 pages) 225 1 $aAdvances in Science, Technology & Innovation, IEREK Interdisciplinary Series for Sustainable Development,$x2522-8722 311 08$a3-030-10855-4 327 $aSustainability Concept in Developing Countries -- Urbanism and Sustainability concept -- Energy & Sustainability Concept. 330 $aThis edited volume consists of three parts. It is a culmination of selected research papers presented at the second version of the international conference on Improving Sustainability Concept in Developing Countries (ISCDC) and the second version of the international conference on Alternative and Renewable Energy Quest in Architecture and Urbanism (AREQ), organized by IEREK in Egypt, 2017. It discusses major environmental issues and challenges which threaten our future. These include climate change impact, environmental deterioration, increasing demand for energy and new approaches for alternative renewable energy sources which became a necessity for survival. In addition to addressing the different environmental issues witnessed today, research presented in this book stressed on the need of sustainably shaping buildings and cities using renewable energy sources. Topics included in this book are (1) Resilience in the Built Environment, (2) Design for energy-efficient architecture and (3) Alternative and Renewable Energy Resources Quest in Architecture and Urbanism. The book is of interest to researchers and academicians who continuously aim to update their knowledge in these fields, as well as decision makers needing the enough knowledge to carry out the right decisions towards the benefit of the environment and society. 410 0$aAdvances in Science, Technology & Innovation, IEREK Interdisciplinary Series for Sustainable Development,$x2522-8722 606 $aSustainability 606 $aSustainable architecture 606 $aEnvironmental management 606 $aEconomic development 606 $aConservation biology 606 $aEcology 606 $aEnergy policy 606 $aEnergy policy 606 $aSustainability 606 $aSustainable Architecture/Green Buildings 606 $aEnvironmental Management 606 $aDevelopment Studies 606 $aConservation Biology 606 $aEnergy Policy, Economics and Management 615 0$aSustainability. 615 0$aSustainable architecture. 615 0$aEnvironmental management. 615 0$aEconomic development. 615 0$aConservation biology. 615 0$aEcology. 615 0$aEnergy policy. 615 0$aEnergy policy. 615 14$aSustainability. 615 24$aSustainable Architecture/Green Buildings. 615 24$aEnvironmental Management. 615 24$aDevelopment Studies. 615 24$aConservation Biology. 615 24$aEnergy Policy, Economics and Management. 676 $a338.927091724 702 $aAlalouch$b Chaham$4edt$4http://id.loc.gov/vocabulary/relators/edt 702 $aAbdalla$b Hassan$4edt$4http://id.loc.gov/vocabulary/relators/edt 702 $aBozonnet$b Emmanuel$4edt$4http://id.loc.gov/vocabulary/relators/edt 702 $aElvin$b George$4edt$4http://id.loc.gov/vocabulary/relators/edt 702 $aCarracedo$b Oscar$4edt$4http://id.loc.gov/vocabulary/relators/edt 906 $aBOOK 912 $a9910337886903321 996 $aAdvanced Studies in Energy Efficiency and Built Environment for Developing Countries$92095795 997 $aUNINA